000 00270nam a22001097a 4500
082 _a629.1323 POP'H
100 _aPOPE, ALAM,GOIN, KENNETH L
_980307
245 _aHIGH SPEED WIND TUNNEL TESTING
260 _aNEWYORK
_bJOHN WILEY
_c1965
300 _aXI,474P
942 _cBK
999 _c585256
_d585256